00843cam a22002531 4500001001300000003000400013005001700017008004100034010001700075035001900092040002500111050002200136051001600158082000800174100004200182245004200224260005000266300002800316490008400344650002100428830005200449830007100501999001700572s 48000007 DLC20260227111912.0751112s1946 onc 000 0 eng  as 48000007  a(OCoLC)1829643 aDLCcDGWdOCoLCdDLC00aQH1b.C13 no. 102 aQL721b.A57 a5991 aAnderson, Rudolph Martin,d1876-1961.10aCatalogue of Canadian recent mammals. aOttawa,bE. Cloutier, Kings's Printer,c1946. av, 238 p.bmap.c25 cm.1 aCanada. National Museum, Ottawa. Bulletinvno. 102.aBiological series,vno. 31 0aMammalszCanada. 0aBulletin (National Museum of Canada),vno. 102. 0aBulletin (National Museum of Canada).pBiological series,vno. 31. c52789d52789